| 000 | 00468nam a2200181Ia 4500 | ||
|---|---|---|---|
| 001 | 4264 | ||
| 005 | 20260306145743.0 | ||
| 008 | 260306t1983||||xx |||||||||||||| ||spa|| | ||
| 041 | _aESP | ||
| 082 |
_a320.1 _bH62 V. 1 T. 25 |
||
| 100 |
_aHobbes, Thomas _eAUT |
||
| 245 | 0 |
_aLeviatán II: _bo la materia, forma y poder de una república eclesiástica y civil |
|
| 260 | _c1983 | ||
| 300 |
_a _c19 cm. |
||
| 650 | _aGEN | ||
| 654 | _aCDE | ||
| 942 |
_cLIB _dJUS _fJUS _2ddc _n |
||
| 999 |
_c4264 _d4264 |
||